zpět

Detail výsledku týmu

A-Sport, Hradec Králové

Datum a čas kvízu

18 Celkem bodů Celkový počet nahraných bodů na tomto kvízu bez doplňovacích otázek.
18. Pořadí na kvízu Konečné umístění týmu na tomto kvízu.

Zaznamenané odpovědi

# Otázka Odpověď Body Výsledky
1. V pondělí se konal ustavující... GEN 0
2. Mladý chirurg z Tchaj-peje si... C) vasektomii (sterilizaci) 0
3. Minulý týden jsme se dozvěděli... Praha 1
4. Jistý internetový portál nabíz... Seznam.cz 1
5. O víkendu proběhly v Ostravě k... (Jižní) Korea, Tomáš Berdych 1
6. Začneme největšími společnými... (Vše)sokolský slet, Spartakiáda 1
7. Napište anglický dvouslovný ná... step aerobic 0
8. Cvičení na tomto „půlmíči“ je... BOSU 1
9. Jógu, přesněji řečeno hatha jó... ásany 0
10. Tato žena se narodila v roce 1... Jane Fonda 1